El control de las enfermedades transmisibles en el hombre /
Guardado en:
| Autor Principal: | |
|---|---|
| Formato: | Libro |
| Publicado: |
Washington :
Organización Panamericana de la Salud,
1980
|
| Edición: | 13a. ed. |
| Materias: | |
| Etiquetas: |
Agregar Etiqueta
Sin Etiquetas, Sea el primero en etiquetar este registro!
|
| LEADER | 00695nam a22002295a 4500 | ||
|---|---|---|---|
| 001 | CEM.cems015722 | ||
| 005 | 20110815131708.0 | ||
| 008 | 130507s1980##################000#0#####d | ||
| 003 | CEMS | ||
| 082 | 0 | 4 | |a 614.5 |
| 100 | 1 | |a Benenson, Abram S | |
| 245 | 1 | 0 | |a El control de las enfermedades transmisibles en el hombre / |c Abram S Benenson, |
| 250 | |a 13a. ed. | ||
| 260 | |a Washington : |b Organización Panamericana de la Salud, |c 1980 | ||
| 300 | |a 486 p. | ||
| 653 | |a Brucelosis | ||
| 653 | |a Chagas-enfermedad | ||
| 653 | |a Enfermedades transmisibles | ||
| 653 | |a Enfermedades-control | ||
| 653 | |a Tiña | ||
| 653 | |a Botulismo | ||
| 859 | |a CEMS |b BIB. CEMS - Agricultura |h 614.5 |i B435a13 |p A12542.83 |t Ej.1 | ||
